LEADER 01589oas 2200625 a 450 001 9910693449203321 005 20251105213014.0 035 $a(OCoLC)310963790 035 $a(CONSER) 2009230491 035 $a(CKB)1000000000780178 035 $a(EXLCZ)991000000000780178 100 $a20090226b19962015 ua a 101 0 $aeng 135 $aur||||||||||| 181 $ctxt$2rdacontent 182 $cc$2rdamedia 183 $acr$2rdacarrier 200 10$aManual of rules of the Committee on Ways and Means during the ... Congress, adopted .. 210 $aWashington $cU.S. G.P.O.$d1996-2015 215 $a1 online resource (volumes) 300 $a"WMCP." 311 08$a1949-789X 517 1 $aCommittee print 606 $aParliamentary practice$2fast$3(OCoLC)fst01053793 608 $aRules and practice. 608 $aPeriodicals.$2fast 608 $aPeriodicals.$2lcgft 615 7$aParliamentary practice. 676 $a328 801 0$bGPO 801 1$bGPO 801 2$bGPO 801 2$bDLC 801 2$bGPO 801 2$bOCLCQ 801 2$bOCLCO 801 2$bGPO 801 2$bOCLCA 801 2$bOCLCQ 801 2$bOCLCF 801 2$bOCLCO 801 2$bGILDS 801 2$bOCLCO 801 2$bGPO 801 2$bZWU 801 2$bOCLCQ 801 2$bGPO 801 2$bOCLCQ 801 2$bGPO 801 2$bOCLCL 801 2$bOCLCQ 906 $aJOURNAL 912 $a9910693449203321 996 $aManual of rules of the Committee on Ways and Means during the ... Congress, adopted$93203425 997 $aUNINA